Конвейерная технология векторизации оцифрованных карт; Информационные технологии; № 11

Dettagli Bibliografici
Parent link:Информационные технологии: теоретический и прикладной научно-технический журнал.— , 2000-
№ 11.— 2004.— С. 60-63
Autore principale: Садыков С. С.
Altri autori: Симаков Р. А.
Lingua:russo
Pubblicazione: 2004
Serie:Геоинформационные системы
Soggetti:
Natura: MixedMaterials Capitolo di libro
KOHA link:https://koha.lib.tpu.ru/cgi-bin/koha/opac-detail.pl?biblionumber=395384

MARC

LEADER 00000naa2a2200000 4500
001 395384
005 20231101064621.0
035 |a (RuTPU)RU\TPU\prd\32655 
090 |a 395384 
100 |a 20050211a2004 k y0rusy50 ca 
101 0 |a rus 
102 |a RU 
200 1 |a Конвейерная технология векторизации оцифрованных карт  |f С. С. Садыков, Р. А. Симаков 
225 1 |a Геоинформационные системы 
320 |a Библиогр.: 6 назв. 
461 1 |0 (RuTPU)RU\TPU\prd\1520  |t Информационные технологии  |o теоретический и прикладной научно-технический журнал  |d 2000- 
463 1 |0 (RuTPU)RU\TPU\prd\31245  |t № 11  |v С. 60-63  |d 2004 
610 1 |a картографические данные 
610 1 |a векторизация 
610 1 |a усовершенствование 
610 1 |a топографические планы 
610 1 |a скорость ввода 
610 1 |a конвейерные технологии 
610 1 |a оцифрованные карты 
675 |a 004.372.12  |v 3 
700 1 |a Садыков  |b С. С. 
701 1 |a Симаков  |b Р. А. 
801 1 |a RU  |b 63413507  |c 20050211  |g PSBO 
801 2 |a RU  |b 63413507  |c 20130508  |g RCR 
942 |c BK